| 000 | 00805nam a22001697a 4500 | ||
|---|---|---|---|
| 003 | SGT | ||
| 020 | _a9788125050858 | ||
| 082 | _a421,BAN | ||
| 100 | _aBANSAL,R.K | ||
| 245 | _aSPOKEN ENGLISH: MANUAL OF SPEECH AND PHONETICS | ||
| 250 | _a4TH | ||
| 260 |
_aNEW DELHI _bORIENT BLACKSWAN PRIVATE LTD. _c2013 |
||
| 300 | _a220 | ||
| 650 | _aENGLISH WRITING SYSTEM & PHONOLOGY | ||
| 653 | _aPART I - PHONETICS AND SPOKEN ENGLISH 1. INTRODUCTION 2. THE SPEECH MECHANISM 3. THE DESCRIPTION OF SPEECH SOUNDS 4. THE PHONEME; THE SYLLABLE; 5. THE SOUNDS OF ENGLISH - VOWELS 6. THE SOUNDS OF ENGLISH - CONSONANTS 7. WORD ACCENT 8. FEATURES OF CONNECTED SPEECH 9. SUGGESTIONS FOR THE IMPROVEMENT PART II - EXERCISES FOR PRACTICE 1. VOWELS 2. CONSONANTS 3. CONSONANT CLUSTERS 4. CONVERSATIONS | ||
| 942 |
_2ddc _cFCM _02 |
||
| 999 |
_c8989 _d8989 |
||